Chansons de NCT 127 - Mort subite - Statistiques

Statistiques générales
  • Ce quiz a été pris 270 fois
  • Le résultat moyen est 10 sur 23
Answers on the Grid
Answers color-coded by a green-red scale on the quiz's grid according to % correct below.
Lemon Drop
Kick It
Day Dream
Favorite (Vampire)
Sticker
Ring Ding Dong
Pilot
Faster
Gold Dust
Superhuman
LOSER
Love is a beauty
Walk
UTOPIA
Cherry Bomb
Sit Down!
Ay-Yo
Mr. Simple
2 Baddies
Don't Wanna Cry
Skyscraper
Breakfast
plot twist
Man on Fire
Regular
Fact Check
Just One Day
Je Ne Sais Quoi
Misty
Baggy Jeans
Love On The Floor
The Eve
The Rainy Night
Hot Sauce
DJ
 
Statistiques - réponses
Réponse % Correct
Kick It
92%
Sticker
76%
Cherry Bomb
74%
Favorite (Vampire)
73%
2 Baddies
71%
Superhuman
67%
Walk
66%
Ay-Yo
62%
Regular
61%
Fact Check
56%
Faster
42%
Sit Down!
39%
Love On The Floor
29%
Skyscraper
29%
Pilot
28%
Je Ne Sais Quoi
27%
Breakfast
25%
Gold Dust
24%
Love is a beauty
19%
The Rainy Night
18%
Day Dream
17%
Misty
16%
DJ
13%
Aucun quiz correspondant
Distribution des résultats
% des personnes avec chaque résultat
Percentile par nombre de réponses
Votre historique - résultats
Vous n’avez pas pris ce quiz